[Event "Deutsche Ländermeisterschaft 2019"]
[Site "Würzburg GER"]
[Date "2019.10.04"]
[Round "4"]
[White "Zha, Kevin"]
[Black "Mätzkow, Maximilian Paul"]
[Result "1/2-1/2"]
[Termination "normal"]
[Board "10.2"]
[BlackTitle "FM"]
[WhiteElo "1923"]
[BlackElo "2287"]
[WhiteTeam "Saarland"]
[BlackTeam "SG Brandenburg / Berlin"]
[PlyCount "86"]
[WhiteFideId "16208951"]
[BlackFideId "24679933"]
[EventCountry "GER"]
[EventRounds "7"]
[EventType "team-swiss"]
[EventDate "2019.10.01"]

1. e4 c5 2. Nf3 d6 3. c3 Nf6 4. Be2 g6 5. O-O Bg7 6. Bb5+ Nbd7 7. Re1 O-O 8. d4
a6 9. Bf1 cxd4 10. cxd4 b5 11. Bf4 Bb7 12. Nbd2 Rc8 13. Bd3 Re8 14. Nb3 e5 15.
dxe5 dxe5 16. Bd2 Qe7 17. Qe2 Nb6 18. a3 Nfd7 19. Rac1 Qe6 20. Na5 Ba8 21. Rc2
Nc5 22. Rec1 Nxd3 23. Qxd3 Rcd8 24. Qe2 Qg4 25. Re1 Rc8 26. h3 Qe6 27. Rec1 h6
28. Bb4 Bf8 29. Bc3 Nc4 30. Nxc4 Rxc4 31. Nd2 Rcc8 32. Nf3 Rc4 33. Nd2 Rcc8 34.
Nf3 Bg7 35. Bb4 Rxc2 36. Qxc2 Kh7 37. Nd2 Rd8 38. Nf1 Bb7 39. f3 Bf6 40. Qe2
Bg5 41. Bd2 Be7 42. Qe3 Bg5 43. Qe2 Be7 1/2-1/2

[Event "Deutsche Ländermeisterschaft 2019"]
[Site "Würzburg GER"]
[Date "2019.10.04"]
[Round "4"]
[White "Tschernatsch, Johannes"]
[Black "Chassard, Cedric"]
[Result "0-1"]
[Termination "normal"]
[Board "10.3"]
[WhiteElo "2132"]
[BlackElo "1929"]
[WhiteTeam "SG Brandenburg / Berlin"]
[BlackTeam "Saarland"]
[PlyCount "100"]
[WhiteFideId "16223977"]
[BlackFideId "16243536"]
[EventCountry "GER"]
[EventRounds "7"]
[EventType "team-swiss"]
[EventDate "2019.10.01"]

1. d4 Nf6 2. c4 e6 3. Nf3 d5 4. Nc3 dxc4 5. e3 a6 6. Bxc4 b5 7. Be2 Bb7 8. O-O
Nbd7 9. b3 Be7 10. Bb2 O-O 11. Rc1 c5 12. Qc2 cxd4 13. Nxd4 Rc8 14. Qb1 Qb6 15.
Qa1 Rfd8 16. a4 b4 17. a5 Qa7 18. Na4 Qa8 19. Nf3 Bd5 20. Nb6 Nxb6 21. axb6 a5
22. Qa4 Bc6 23. Qa2 Bd5 24. Be5 Ne4 25. Qb2 Bf6 26. Bxf6 Nxf6 27. Rc7 Rxc7 28.
bxc7 Rc8 29. Qc2 Qa7 30. Rc1 Ne8 31. Ng5 g6 32. Qb2 Rxc7 33. h4 Rxc1+ 34. Qxc1
Qc7 35. Qb2 Qc3 36. Qxc3 bxc3 37. Bd1 h6 38. Nf3 Bxf3 39. gxf3 Nc7 40. Kf1 Na6
41. Ke2 Nb4 42. f4 f6 43. e4 c2 44. Bxc2 Nxc2 45. Kd3 Na1 46. Kc3 h5 47. Kb2
Nxb3 48. Kxb3 g5 49. fxg5 fxg5 50. hxg5 h4 0-1

[Event "Deutsche Ländermeisterschaft 2019"]
[Site "Würzburg GER"]
[Date "2019.10.04"]
[Round "4"]
[White "Müller, Maximilian"]
[Black "Jacoby, Angelina"]
[Result "0-1"]
[Termination "normal"]
[Board "10.4"]
[WhiteElo "1682"]
[BlackElo "1635"]
[WhiteTeam "Saarland"]
[BlackTeam "SG Brandenburg / Berlin"]
[PlyCount "90"]
[WhiteFideId "16243552"]
[BlackFideId "12999008"]
[EventCountry "GER"]
[EventRounds "7"]
[EventType "team-swiss"]
[EventDate "2019.10.01"]

1. e4 d5 2. exd5 Nf6 3. d4 Nxd5 4. c4 Nf6 5. Nc3 Bf5 6. Nf3 e6 7. a3 Be7 8. Be2
h6 9. O-O O-O 10. Ne5 Nbd7 11. f4 c5 12. d5 exd5 13. cxd5 Nb6 14. Bf3 Ne8 15.
Ng4 Nd6 16. Ne3 Bh7 17. Qe2 Bf6 18. Bd2 Bd4 19. Qf2 Nbc4 20. Bc1 Nf5 21. Ncd1
Re8 22. Re1 Re7 23. g4 Nfxe3 24. Bxe3 Nxe3 25. Nxe3 Qe8 26. Kg2 Rxe3 27. Rxe3
Qxe3 28. Qxe3 Bxe3 29. Re1 Bxf4 30. Re7 b6 31. Rd7 Bg5 32. d6 Rd8 33. Rxd8+
Bxd8 34. Bc6 f5 35. h3 fxg4 36. hxg4 Kf7 37. Kf3 Ke6 38. d7 Kd6 39. Bb5 Bg8 40.
Ba4 Be6 41. b4 c4 42. Bc2 Bxd7 43. a4 Ke5 44. b5 Kd4 45. Bg6 Kc3 0-1

[Event "Deutsche Ländermeisterschaft 2019"]
[Site "Würzburg GER"]
[Date "2019.10.04"]
[Round "4"]
[White "Schiewe, Nadin"]
[Black "Unbehend, Marius"]
[Result "1-0"]
[Termination "normal"]
[Board "10.5"]
[WhiteElo "1593"]
[BlackElo "1461"]
[WhiteTeam "SG Brandenburg / Berlin"]
[BlackTeam "Saarland"]
[PlyCount "85"]
[WhiteFideId "16209079"]
[BlackFideId "16214420"]
[EventCountry "GER"]
[EventRounds "7"]
[EventType "team-swiss"]
[EventDate "2019.10.01"]

1. d4 Nf6 2. Nf3 e6 3. Bf4 c5 4. e3 Nc6 5. c3 d5 6. h3 Bd6 7. Bxd6 Qxd6 8. Nbd2
O-O 9. Bd3 e5 10. dxe5 Nxe5 11. Nxe5 Qxe5 12. O-O b6 13. Re1 Bb7 14. Rc1 Rad8
15. Qa4 Qc7 16. b4 Ne4 17. Nf3 h6 18. c4 dxc4 19. Bxc4 Nd6 20. bxc5 Nxc4 21.
cxb6 Qxb6 22. Rxc4 Bxf3 23. gxf3 Rd6 24. Rec1 Rfd8 25. Rc8 Kh7 26. Rxd8 Rxd8
27. Qe4+ Qg6+ 28. Qxg6+ Kxg6 29. Rc7 Ra8 30. a4 a5 31. Rc5 Ra7 32. e4 Rb7 33.
Rxa5 Rb1+ 34. Kg2 Rb4 35. Kg3 f6 36. Ra8 Rc4 37. a5 Ra4 38. a6 Kf7 39. a7 Kg6
40. f4 Ra5 41. e5 Ra3+ 42. f3 fxe5 43. fxe5 1-0

[Event "Deutsche Ländermeisterschaft 2019"]
[Site "Würzburg GER"]
[Date "2019.10.04"]
[Round "4"]
[White "Fuchs, Emily"]
[Black "Grabs, Peter"]
[Result "1/2-1/2"]
[Termination "normal"]
[Board "10.6"]
[BlackTitle "CM"]
[WhiteElo "1490"]
[BlackElo "1592"]
[WhiteTeam "Saarland"]
[BlackTeam "SG Brandenburg / Berlin"]
[PlyCount "115"]
[WhiteFideId "16208986"]
[BlackFideId "16203887"]
[EventCountry "GER"]
[EventRounds "7"]
[EventType "team-swiss"]
[EventDate "2019.10.01"]

1. e4 e6 2. d4 d5 3. exd5 exd5 4. Bd3 Bd6 5. Nf3 Ne7 6. c3 c6 7. O-O O-O 8. Be3
Bf5 9. Qc2 Qd7 10. Nbd2 Bxd3 11. Qxd3 Nf5 12. Rfe1 Nxe3 13. Qxe3 Na6 14. Qd3 f6
15. Nf1 Nc7 16. Re2 Ne6 17. Qf5 Nc5 18. Qxd7 Nxd7 19. Rae1 Rad8 20. Ne3 f5 21.
Nc2 Nf6 22. Ne5 Rfe8 23. f3 Re7 24. a4 Rde8 25. Kf2 Bxe5 26. dxe5 Nd7 27. f4
Nc5 28. Re3 Nxa4 29. b3 Nc5 30. b4 Ne6 31. g3 g5 32. Kf3 Kg7 33. Nd4 g4+ 34.
Kf2 Nxd4 35. cxd4 Kf7 36. Ra3 a6 37. h3 Kg6 38. hxg4 fxg4 39. Kg2 Kf5 40. Rae3
h5 41. Rh1 Rh7 42. Re2 Re6 43. Kf1 Reh6 44. Reh2 Ke4 45. Re2+ Kxd4 46. e6 Re7
47. f5 c5 48. bxc5 Kxc5 49. Ke1 Kd6 50. Kd2 Re8 51. Rb1 Rh7 52. f6 Rhh8 53. f7
Re7 54. Kd3 b5 55. Ra1 Rf8 56. Rxa6+ Kc5 57. Rc2+ Kb4 58. Rb2+ 1/2-1/2

[Event "Deutsche Ländermeisterschaft 2019"]
[Site "Würzburg GER"]
[Date "2019.10.04"]
[Round "4"]
[White "Sperling, Niclas"]
[Black "Huppert, Anna"]
[Result "1-0"]
[Termination "normal"]
[Board "10.7"]
[WhiteElo "1656"]
[BlackElo "1516"]
[WhiteTeam "SG Brandenburg / Berlin"]
[BlackTeam "Saarland"]
[PlyCount "81"]
[WhiteFideId "16204000"]
[BlackFideId "16214439"]
[EventCountry "GER"]
[EventRounds "7"]
[EventType "team-swiss"]
[EventDate "2019.10.01"]

1. e4 e6 2. d4 d5 3. Bd3 Bd6 4. e5 Be7 5. Nf3 c5 6. c3 Nc6 7. O-O Bd7 8. Bc2
Rc8 9. a3 cxd4 10. cxd4 Qb6 11. Nc3 a6 12. Na4 Qa7 13. Be3 Bd8 14. Nc5 Nge7 15.
Nxd7 Kxd7 16. b4 b5 17. Nd2 Bb6 18. Nb3 Ng6 19. Nc5+ Ke7 20. f4 a5 21. f5 exf5
22. Bxf5 Rcd8 23. Bg5+ Ke8 24. Bxd8 Nxd8 25. Bd7+ Ke7 26. Bxb5 Ne6 27. Qg4 Bxc5
28. bxc5 Qb7 29. a4 Rd8 30. Qf5 Rf8 31. Rad1 Kd8 32. Qf3 Qa8 33. c6 Ne7 34. Qc3
Kc7 35. Rd2 Nxc6 36. Rc2 Ned8 37. Rfc1 Re8 38. Bxc6 Nxc6 39. Qxc6+ Qxc6 40.
Rxc6+ Kd7 41. Rd6+ 1-0

[Event "Deutsche Ländermeisterschaft 2019"]
[Site "Würzburg GER"]
[Date "2019.10.04"]
[Round "4"]
[White "Alhassan, Jodi"]
[Black "Heinze, Sofie"]
[Result "1-0"]
[Termination "normal"]
[Board "10.8"]
[WhiteElo "1147"]
[BlackElo "1207"]
[WhiteTeam "Saarland"]
[BlackTeam "SG Brandenburg / Berlin"]
[PlyCount "65"]
[WhiteFideId "16250460"]
[BlackFideId "16226461"]
[EventCountry "GER"]
[EventRounds "7"]
[EventType "team-swiss"]
[EventDate "2019.10.01"]

1. e4 e5 2. Nf3 Nc6 3. Bc4 Nf6 4. Ng5 d5 5. exd5 Nxd5 6. Nxf7 Kxf7 7. Qf3+ Ke6
8. Nc3 Bc5 9. Bxd5+ Kd6 10. Nb5+ Kd7 11. Qf7+ Qe7 12. O-O Qxf7 13. Bxf7 Rf8 14.
Bb3 b6 15. d3 Bb7 16. Bd5 Rf6 17. Be3 Bxe3 18. fxe3 Raf8 19. Nxa7 Kd6 20. Bxc6
Bxc6 21. Nxc6 Kxc6 22. Rxf6+ Rxf6 23. Rf1 Rg6 24. Rf3 Kc5 25. Rg3 Rxg3 26. hxg3
g5 27. g4 c6 28. Kf2 Kd5 29. Ke2 c5 30. c3 h6 31. c4+ Kd6 32. Kf3 Ke6 33. Ke4
1-0